Statistics for Flowers - Swedish names!

Click here to take the quiz!

General Stats

  • This quiz has been taken 8 times
  • The average score is 7 of 10

Answer Stats

Answer% Correct
Ros
100%
Tulpan
100%
Blåklocka
86%
Lotus blomma
86%
Solros
86%
Maskros
71%
Prästkrage
57%
Syren
57%
Fikus
14%
Ringblomma
14%

Score Distribution

Percentile by Number Answered

Percent of People with Each Score

Your Score History

You have not taken this quiz